Scientific inventory control (Record no. 39951)

MARC details
000 -LEADER
fixed length control field 00374nam a2200157Ia 4500
008 - FIXED-LENGTH DATA ELEMENTS--GENERAL INFORMATION
fixed length control field 230917s9999||||xx |||||||||||||| ||und||
040 ## - CATALOGING SOURCE
-- 75099
Original cataloging agency VIVEKANANDA LIBRARY
041 ## - Language
-- English
082 ## - DDC NUMBER
Classification number 658.787 L585S
100 ## - MAIN ENTRY--PERSONAL NAME
Personal name Lewis, C D
245 #0 - TITLE STATEMENT
Title Scientific inventory control
250 ## - EDITION STATEMENT
Edition statement 2nd ed.
260 ## - PUBLICATION, DISTRIBUTION, ETC. (IMPRINT)
Place of publication, distribution, etc London
Name of publisher, distributor, etc Butterworths
Date of publication, distribution, etc 1981
300 ## - PHYSICAL DESCRIPTION
Pages x, 209 p.
942 ## - ADDED ENTRY ELEMENTS (KOHA)
Koha item type Books
Holdings
Withdrawn status Lost status Damaged status Not for loan Location (home branch) Sublocation or collection (holding branch) Shelving location Date acquired Koha issues (times borrowed) Koha full call number Accession No. Koha date last seen Koha item type
        VIVEKANANDA LIBRARY VIVEKANANDA LIBRARY IMSAR Library 24/02/2003   658.787 L585S 105719 17/09/2023 Books
© Designed and Maintained by Vivekananda Library, MDU Rohtak